000 00467nam a2200193Ia 4500
005 20240823011219.0
008 240823s9999||||xx |||||||||||||| ||und||
041 _aENGLISH
082 _A4.133
100 _a"Berliner,Thomas H"
245 4 _aThe Illustrated Lotus 1-2-3 Book
250 _a1st
260 _b"Galgotia,New "
500 _aTRANSFERED
650 _aLotus
_bComputer Applications
700 _a" Reeves,David T"
942 _cBK
999 _c160882
_d160882